<The> Structure of Economics <A> Mathematical Analysis

Salvato in:
Dettagli Bibliografici
Autore principale: Silberberg, Eugene
Natura: Libro
Lingua:inglese
Pubblicazione: New York MacGraw-Hill 1990
Edizione:2. ed.
Soggetti:
Tags: Aggiungi Tag
Nessun Tag, puoi essere il primo ad aggiungerne!!

MARC

LEADER 00000nam a2200000 4500
001 c014372
005 20221206123049.2
020 |a 0-07-057550-9 
041 0 |a eng 
044 |a US 
245 1 0 |a <The> Structure of Economics  |b <A> Mathematical Analysis  |c Eugene Silberberg 
250 |a 2. ed. 
264 1 |a New York  |b MacGraw-Hill  |c 1990 
300 |a 686 s. 
610 2 0 |a štruktúra ekonomická 
610 2 0 |a analýza operačná 
610 2 0 |a matematika aplikovaná 
610 2 0 |a teória modelov ekonomicko-matematických 
100 1 |a Silberberg, Eugene